Only Big 4 League That... Quiz Stats

 Plays Quiz Updated Feb 29, 2016

Also try: The Only State...
Challenge
Share
Tweet
Embed
Score 0/24 Timer 05:00
4 Plays Today
Clue League % Correct
Only league that doesn't use a ball:???
94.2%
Only league whose games are not a set number of minutes:???
93.4%
Only league that measures distances in yards:???
93.2%
Only league with a single game championship:???
92.6%
Only league where teams play more than 100 games per season:???
91.9%
Only league where the coaches wear team uniforms:???
91.3%
Only league with no Canadian teams:???
90.9%
Only league that doesn't have 'league' in its name:???
90.7%
Only league whose players don't wear helmets:???
90.5%
Only league where the object in play isn't made from leather:???
89.1%
Only league where routine rules infractions require the team to play with fewer players:???
88.9%
Only league in which you can't score any kind of 'goal':???
87.8%
Clue League % Correct
Only league that doesn't have a holding penalty:???
85.2%
Only league formed before 1905:???
84.2%
Only league that passes the existing championship trophy on to the next team:???
84.1%
Only league not currently broadcast on ESPN:???
78.8%
Only league with no salary cap:???
75.7%
Only league whose championship trophy is not named after a specific person:???
70.3%
Only league to give out more than one annual (regular season) MVP award:???
64.5%
Only league never to have a team win 5 or more consecutive championships:???
62.5%
Only league never to have had an MVP named 'Joe':???
54.3%
Only league that equally shares all TV revenue amongst the teams:???
53.6%
Only league with an antitrust exemption:???
40.4%
Only league whose champion couldn't play for a trophy because of a pandemic:???
39.6%

You're not logged in!

Compare scores with friends on all Sporcle quizzes.
OR
Log In

You Might Also Like...

Show Comments

Extras

Top Quizzes Today


Score Distribution

Your Account Isn't Verified!

In order to create a playlist on Sporcle, you need to verify the email address you used during registration. Go to your Sporcle Settings to finish the process.

Report this User

Report this user for behavior that violates our Community Guidelines.

Details: